000 01671nam a2200349 c 4500
003 BLK
005 20230805094008.0
008 180409b bul|||||r ||||||| ||bul||
010 _aKNG00129323000
040 _aBLK
041 _aBUL
_cBUL
080 _aАварии и произшествия в транспорта. Оказване на помощ. Вж и 614.8
_b656.08
_x(035)
_z656.08(035)
100 1 _aБайет, Р.
_eпърви автор
_9318348
700 1 _aУотс, Р.
_eсъавт.
_9318349
700 1 _aКосев, Константин Петков
_eпрев. от англ.
_9369920
139 _aБайет, Р. и др.
_bБ 14
245 1 0 _aРазследване на пътно-транспортни произшествия
_bРъководство
_cР. Байет; съавт. Р. Уотс; прев. от англ. Константин Петков Косев.
257 _aGBR
260 София
_bТехника
_c1988
_fХасково : Ат. Стратиев
300 _a283 с.
_bс табл., сх., ил.
_c20 см
380 _a62
500 _aОриг. загл. Manual of road accident investigation / R. Byatt, R. Watts.
650 4 _aТранспортни злополуки
_9309236
650 4 _aАвтомобилен транспорт - злополуки
_9293537
653 _aтранспортни злополуки
852 _aЦб 156119
856 4 _qpdf
_u
856 4 _qpdf
_u
942 _cKNG
_n0
_01
944 _aCR
_c28.03.2012
_lЦветомила Тодорова
_k30576
944 _aED
_c28.03.2012
_l28.03.2012 - от С1,Р / 28.03.2012
_k
999 _c123661
_d123661